Význam a stratégia európskeho jednotného trhu bakalárska práca

Enregistré dans:
Détails bibliographiques
Auteur principal: Putyera, Patrik
Collectivité auteur: Obchodná fakulta EU. Katedra služieb a cestovného ruchu - zrušené
Autres auteurs: Benešová, Dana, 1958-
Format: Livre
Langue:slovaque
Publié: Bratislava 2022
Tags: Ajouter un tag
Pas de tags, Soyez le premier à ajouter un tag!

MARC

LEADER 00000nbm a2200000 4500
001 0285821
005 20221205132411.7
041 0 |a slo 
044 |a SK 
245 1 0 |a Význam a stratégia európskeho jednotného trhu  |b bakalárska práca  |c Patrik Putyera ; školiteľ: Dana Benešová 
264 1 |a Bratislava  |c 2022 
300 |a 45 s. 
100 1 |a Putyera, Patrik 
700 1 |a Benešová, Dana, 1958- 
710 2 |a Obchodná fakulta EU. Katedra služieb a cestovného ruchu - zrušené